Loading...
Fine Arts - Classical Music | 0 | 4 | 0 | 1 | 40 | 75 | 84.50 | 1 | 4 |
Science - Other Science | 0 | 4 | 0 | 1 | 40 | 60 | 77.50 | 0 | 2 |
Science - Biology | 0 | 3 | 1 | 0 | 25 | 35 | 47.00 | 1 | 3 |
Science - Physics | 0 | 2 | 0 | 1 | 20 | 70 | 87.00 | 0 | 0 |
Fine Arts - Other Fine Arts | 0 | 2 | 1 | 1 | 15 | 39 | 71.50 | 1 | 1 |
Science - Chemistry | 0 | 2 | 1 | 1 | 15 | 71 | 89.50 | 0 | 1 |
Mythology | 0 | 1 | 0 | 0 | 10 | 74 | 74.00 | 0 | 0 |
Religion | 0 | 1 | 0 | 0 | 10 | 113 | 113.00 | 0 | 0 |
Social Science | 0 | 1 | 0 | 0 | 10 | 57 | 57.00 | 0 | 0 |
History - European History | 0 | 1 | 0 | 0 | 10 | 22 | 22.00 | 0 | 1 |
History - Other History | 0 | 1 | 0 | 0 | 10 | 75 | 75.00 | 0 | 0 |
History - World History | 0 | 1 | 0 | 0 | 10 | 73 | 73.00 | 0 | 0 |
Literature - American Literature | 0 | 1 | 0 | 0 | 10 | 98 | 98.00 | 0 | 0 |
Literature - European Literature | 0 | 1 | 0 | 0 | 10 | 73 | 73.00 | 1 | 1 |
Current Events | 0 | 1 | 0 | 0 | 10 | 108 | 108.00 | 0 | 0 |
Literature - British Literature | 0 | 0 | 0 | 0 | 0 | 0.00 | 0 | 0 |